Diagnóstico y evaluación del sistema de puesta a tierra del edificio de Ingeniería Eléctrica: UCR
Uloženo v:
| Hlavní autor: | |
|---|---|
| Další autoři: | |
| Médium: | Kniha |
| Vydáno: |
[San José], Costa Rica
2014
|
| Témata: | |
| Tagy: |
Přidat tag
f
1
|
MARC
| LEADER | 00000nam a22000007a 4500 | ||
|---|---|---|---|
| 003 | 012034 | ||
| 005 | 20230628081408.0 | ||
| 008 | 150220b2014 cr a|||| |||| 00| ||s d | ||
| 040 | |c cru CEDI | ||
| 100 | |9 814 |a Barrantes Araya, Alfonso, 1990- | ||
| 245 | |a Diagnóstico y evaluación del sistema de puesta a tierra del edificio de Ingeniería Eléctrica: UCR | ||
| 260 | |a [San José], Costa Rica |c 2014 | ||
| 500 | |a Proyecto de graduación (bachillerato en ingeniería eléctrica)-- Universidad de Costa Rica. Facultad de Ingeniería. Escuela de Ingeniería Eléctrica | ||
| 501 | |a Profesor Guía de IE-0499 Proyecto Eléctrico: Ing. Juan Pablo Cruz Ríos | ||
| 650 | |v CONEXION A TIERRA (ELECTRICIDAD) - EVALUACION |v UNIVERSIDAD DE COSTA RICA. FACULTAD DE INGENIERIA. ESCUELA DE INGENIERIA ELECTRICA |v CONEXION A TIERRA (ELECTRICIDAD) |v CORRIENTES ELECTRICAS - MEDICIONES |v ELECTRODOS |v INSTALACIONES ELECTRICAS - MEDIDAS DE SEGURIDAD |9 188 | ||
| 700 | |9 748 |a Cruz Ríos, Juan Pablo,1983- |d Director de Proyecto Eléctrico | ||
| 942 | |c CEDI |h TFG 7200 |6 TFG_7200_000000000000000 | ||
| 999 | |c 13579 |d 13579 | ||
